000
00339 a2200157 4500
001
180214
020
_a
040
_c
Magnum
100
_a
Galdino, Luiz
240
1
0
_a
As trapalhadas do saparinho
_l
por
245
1
0
_a
As trapalhadas do saparinho
362
0
_a
1899
440
1
_a
Moderna
697
_a
MAGNITO: I/ANIMAIS
942
_c
BK
999
_c
180214
_d
180214